| 000 | 01952cam a22004574i 4500 | ||
|---|---|---|---|
| 003 | PE-LiUPU | ||
| 005 | 20250731173520.0 | ||
| 008 | 150616s r 000 0 d | ||
| 035 | _a(Sirsi) a8268 | ||
| 040 |
_aPE-LiUPU _bspa _cPE-LiUPU _erda |
||
| 049 | _aPRUA | ||
| 082 | 0 | 4 |
_a248.4 _bL59 _221 |
| 100 | 1 |
_aLewis, Clive Staples, _d1898-1963, _eautor. |
|
| 245 | 1 | 0 | _aMere Christianity. |
| 264 | 1 |
_aNew York : _bMacmillian Publishing Co., _c1960. |
|
| 300 |
_a190 páginas ; _c18 cm. |
||
| 336 |
_atext _2rdacontent |
||
| 337 |
_aunmediated _2rdamedia |
||
| 338 |
_avolume _2rdacarrier |
||
| 490 | 0 | _aReligión | |
| 505 | 0 | _aThe law of human nature.- Some objetions.- The reality of the law.- What lies behind the law.- We have cause to be uneasu.- The rival conceptions of God.- The invasion.- The shocking alternative.- The perfect penitent.- The practical conclusion.- The three parts of morality.- The cardinal virtues.- Social morality.- Morality and psichoanalisis.- Sexual moralty.- Christian marriage.- Forgiveness.- The great sin.- Charity.- Hope.- Faith.- Making and begetting.- The three-personal God.- Time and beyond time.- Good infection.- The obstinate toy soldiers.- Two notes. | |
| 526 | _aSEG42 | ||
| 526 | _aSEG41 | ||
| 526 | _aSEG40 | ||
| 526 | _aSEG39 | ||
| 526 | _aP94 | ||
| 526 | _aP87 | ||
| 526 | _aP86 | ||
| 526 | _aP85 | ||
| 526 | _aP77 | ||
| 526 | _aP76 | ||
| 526 | _aP35 | ||
| 650 | 0 | 4 | _aMADRE CRISTIANA. |
| 910 |
_ajck _bjvq _cjck |
||
| 942 |
_2ddc _cBOOK |
||
| 949 |
_a248.4 L59 _wDEWEY _c1 _i41540 _lCCODEBUL1 _mBUL _p00.00 _r0 _sY _tBOOK _u2015-04-23 _xBIBLIOTECA _zUNKNOWN _0COMPRA _o.STAFF. Colección General |
||
| 994 |
_aC0 _bPEPRU |
||
| 596 | _a1 | ||
| 999 |
_a248.4 L59 _wDEWEY _c59601 _i41540 _f2021-11-11 _g5 _lCCODEBUL1 _mBUL _r0 _sY _tBOOK _u2015-4-23 _xTEOLOGIA _zUNKNOWN _0COMPRA _o.STAFF. Colección General _d59601 |
||
| 980 |
_81 _gALBERTO SANCHEZ Responsable de Automatización |
||